| 000 | 00454nam a22001697a 4500 | ||
|---|---|---|---|
| 003 | OSt | ||
| 005 | 20221006171144.0 | ||
| 008 | 221006b |||||||| |||| 00| 0 eng d | ||
| 040 | _cBiblioteca Lado V | ||
| 082 |
_a708 _bF771p |
||
| 110 |
_992 _aFonds Claus _eautor |
||
| 245 | _aPrince Claus Awards 2001/ | ||
| 246 | _aPremios Principe Claus 2001/ | ||
| 260 | _c2001 | ||
| 300 |
_a96p. _c17x23cm |
||
| 942 |
_2ddc _c1 _h708 _iF771p _n0 |
||
| 999 |
_c2203 _d2203 |
||